Gaming Quiz

Random Gaming Quiz
Score 0/62 Timer 07:00
0 Plays Today
Words % Correct
The
98%
Wild
90%
Bunny
90%
by
82%
Sander
82%
Cohen.
82%
I
82%
want
74%
to
74%
take
74%
the
74%
ears
74%
off,
74%
but
74%
I
74%
can't.
74%
I
72%
hop,
58%
I
56%
I
56%
and
54%
the
52%
It's
52%
my
52%
curse,
52%
hop,
50%
off
50%
ground.
50%
my
50%
curse!
50%
when
48%
Words % Correct
get
48%
I
48%
want
48%
to
48%
take
48%
the
48%
ears
48%
off,
48%
but
48%
I
48%
can't!
48%
I
48%
want
48%
to
48%
take
48%
the
48%
ears
48%
off!
48%
never
46%
My
46%
curse!
46%
Please!
46%
Take
46%
them
46%
off!
46%
Please!
46%
It's
44%
my
44%
curse!
44%
****
44%
eternal
40%
Remove Ads.
Support Sporcle.
Get the best of Sporcle when you Go Orange. This ad-free experience offers more features, more stats, and more fun while also helping to support Sporcle. Thank you for becoming a member.

You're not logged in!

Compare scores with friends on all Sporcle quizzes.
OR
Log In

Show Comments

Extras

Top Quizzes Today


Score Distribution

Your Account Isn't Verified!

In order to create a playlist on Sporcle, you need to verify the email address you used during registration. Go to your Sporcle Settings to finish the process.

Report this User

Report this user for behavior that violates our Community Guidelines.

Details: